| 000 | 00760cam a2200193 4500 | ||
|---|---|---|---|
| 001 | BP2000289 | ||
| 008 | 19441944 a spa | ||
| 035 | _aBP2000289 | ||
| 050 | 4 |
_aD21 _bL3 1944 |
|
| 100 | 1 | _aLanger, William L. | |
| 245 | 0 |
_aEnciclopedia de la historia del mundo: cronología completa y ordenada de las edades antigüa, media, moderna y contemporanea, basada en el "epitome" de Ploetz / _ccomp. por William L. Langer; tr. del ingles por Francisco Brualla. |
|
| 260 |
_aBuenos Aires, Arg. : _bSopena, _c1944 |
||
| 300 | _a1326 p. | ||
| 504 | _aIncluye apéndice e índice | ||
| 650 | 4 |
_aHistoria universal _xdiccionarios y enciclopedias |
|
| 700 | 1 | _aLanger, William L. comp. | |
| 700 | 1 |
_aBrualla, Francisco, _etr. |
|
| 942 |
_2lcc _LIB |
||
| 999 |
_c112419 _d112419 |
||